[Event "Paracin op 16th"]
[Site "Paracin"]
[Date "2023.07.10"]
[Round "4"]
[White "Krstic, Andrija Marko"]
[Black "Efremov, Vladislav"]
[Result "0-1"]
[WhiteElo "2075"]
[BlackElo "2356"]
[PlyCount "96"]
[EventDate "2023.07.07"]
[EventType "swiss"]
[EventRounds "9"]
[EventCountry "SRB"]
[SourceTitle "EXT 2024"]
[Source "ChessBase"]
[SourceDate "2023.10.10"]
[SourceVersion "1"]
[SourceVersionDate "2023.10.10"]
[SourceQuality "1"]

1. Nf3 d5 2. g3 Nf6 3. Bg2 e6 4. 0-0 b5 5. d3 Bb7 6. a4 a6 7. axb5 axb5 8. Rxa8 Bxa8 9. e4 c5 10. exd5 Bxd5 11. c4 Bc6 12. Nc3 b4 13. Ne2 Nbd7 14. d4 Be7 15. dxc5 Nxc5 16. Qxd8+ Bxd8 17. Ned4 Be4 18. Ne5 Bb6 19. Be3 0-0 20. Bxe4 Nfxe4 21. Nec6 Nd3 22. b3 e5 23. Nc2 Bxe3 24. fxe3 Nec5 25. N2xb4 Nxb4 26. Nxb4 Rb8 27. Rd1 f6 28. Nd3 Rd8 29. Nf2 Rxd1+ 30. Nxd1 Nxb3 31. Kf2 Nd2 32. Nb2 e4 33. g4 Kf7 34. h4 g5 35. hxg5 fxg5 36. c5 Ke6 37. Ke2 Nf3 38. Kf2 Ne5 39. Kg3 Nd3 40. Na4 Kd7 41. Nc3 Nxc5 42. Ne2 Kd6 43. Nd4 Nd7 44. Nf5+ Kd5 45. Ng7 Kc4 46. Ne6 h6 47. Ng7 Kd3 48. Nf5 Ne5 0-1